00329nam a2200133 a 450008200150000010000220001524500350003726000360007230000090010850000350011750500100015265000110016270000220017300a291.4bLOR aLorenzen, David N aBhakti Religion in North India aNew Delhi bManohar Pub. c1996 a331p aincludes index and biblioraphy2 aindex aBhakti1 aLorenzen, David N